Fr. Conceicao Rodrigues College of Engineering

Traning on CNC Programming (Record no. 33483)

MARC details
000 -LEADER
fixed length control field 00245nam a2200121Ia 4500
100 ## - MAIN ENTRY--PERSONAL NAME
Personal name CNC times/ Yamazaki mazak
245 ## - TITLE STATEMENT
Title Traning on CNC Programming
260 ## - PUBLICATION, DISTRIBUTION, ETC.
Name of publisher, distributor, etc. none
300 ## - PHYSICAL DESCRIPTION
Extent 106
546 ## - LANGUAGE NOTE
Language note ENGLISH
654 ## - SUBJECT ADDED ENTRY--FACETED TOPICAL TERMS
Focus term CNC
942 ## - ADDED ENTRY ELEMENTS (KOHA)
Koha item type BOOK
Holdings
Withdrawn status Lost status Damaged status Not for loan Collection Home library Current library Date acquired Total Checkouts Full call number Barcode Date last seen Price effective from Koha item type
        CRC Fr. Agnel's C.Rodrigues College of Engineering Fr. Agnel's C.Rodrigues College of Engineering 17/03/2023   12703 17/03/2023 17/03/2023 BOOK